<?xml version="1.0" encoding="UTF-8"?>
<collection xmlns="http://www.loc.gov/MARC21/slim">
  <record>
    <leader>00000nam  2200000   4500</leader>
    <controlfield tag="001">INLIS000000000004968</controlfield>
    <controlfield tag="005">20190319103258</controlfield>
    <datafield tag="035" ind1="#" ind2="#">
      <subfield code="a">0010-0319000158</subfield>
    </datafield>
    <controlfield tag="007">ta</controlfield>
    <controlfield tag="008">190319################g##########0#ind##</controlfield>
    <datafield tag="020" ind1="#" ind2="#">
      <subfield code="a">979-9167-85-X</subfield>
    </datafield>
    <datafield tag="082" ind1="#" ind2="#">
      <subfield code="a">2X9.9</subfield>
    </datafield>
    <datafield tag="084" ind1="#" ind2="#">
      <subfield code="a">2X9.9 Sej</subfield>
    </datafield>
    <datafield tag="100" ind1="#" ind2="#">
      <subfield code="a">Badan Penelitian dan Pengembangan Departemen Agama RI</subfield>
    </datafield>
    <datafield tag="245" ind1="1" ind2="#">
      <subfield code="a">Sejarah Masjid Masjid Kuno di Indonesia /</subfield>
      <subfield code="c">Badan Penelitian dan Pengembangan Departemen Agama RI</subfield>
    </datafield>
    <datafield tag="250" ind1="#" ind2="#">
      <subfield code="a">ed.1</subfield>
    </datafield>
    <datafield tag="260" ind1="#" ind2="#">
      <subfield code="a">Jakarta :</subfield>
      <subfield code="b">Badan Litbang Agama Departemen Agama RI,</subfield>
      <subfield code="c">1999</subfield>
    </datafield>
    <datafield tag="300" ind1="#" ind2="#">
      <subfield code="a">241 hlm :</subfield>
      <subfield code="b">ilus ;</subfield>
      <subfield code="c">23,5 cm</subfield>
    </datafield>
    <datafield tag="650" ind1="#" ind2="#">
      <subfield code="a">Sejarah mesjid kuno</subfield>
    </datafield>
    <datafield tag="700" ind1=" " ind2="#">
      <subfield code="a">Dasuki, A. Hafidz</subfield>
    </datafield>
    <datafield tag="520" ind1="#" ind2="#">
      <subfield code="a">Buku ini berisi kumpulan tulisan hasil penelitian para peneliti agama di Badan Litbang Agama Deartemen Agama RI. Berisi tentang Sejarah Mesjid Kuno yang ada di Indonesia. Penerbitan buku ini harus dianggap sebagai kegiatan awal yang baik untuk hasil kebudayaan Islam  Indonesia dalam arti yang kongkrit, kasat mata yakni masjid. Dengan melakukan penelitian sejarah masjid kuno, akan dapat diungkap lebih mendalam sejarah Islam, kemajuan masyarakat Islam dankesenian yang dicapai oleh masarakat Islam pada masa lalu.</subfield>
    </datafield>
    <datafield tag="856" ind1="#" ind2="#">
      <subfield code="a">Perpustakaan Lembaga Administrasi Negara</subfield>
    </datafield>
    <datafield tag="990" ind1="#" ind2="#">
      <subfield code="a">00115031</subfield>
    </datafield>
    <datafield tag="990" ind1="#" ind2="#">
      <subfield code="a">00115031</subfield>
    </datafield>
  </record>
</collection>
